التنظيمات الصهوينة والأحزاب الإسرائيلية : (رقم التسجيلة. 17418)

تفاصيل مارك
000 -الفاتح
عناصر البيانات ثابتة الطول 00612cam a2200169 i 4500
005 - تاريخ ووقت آخر معاملة
حقل ضبط 20260120105303.0
008 - عناصر البيانات ثابتة الطول
عناصر البيانات ثابتة الطول 250721s1992 jo gr 000 0 ara d
082 14 - رقم تصنيف ديوي العشري
رقم التصنيف 324.256404
رقم المادة ص ل ا
100 1# - مدخل رئيسي – اسم شخصي
الاسم الشخصي الزغول، ساطع
علاقة الشخص بالعمل/ دوره مؤلف.
245 12 - بيان العنوان
العنوان التنظيمات الصهوينة والأحزاب الإسرائيلية :
بقية العنوان النشأة والتطور /
بيان المسؤولية ساطع الزغول.
264 31 - بيانات النشر، التوزيع…إلخ
مكان النشر، التوزيع...إلخ عمان :
اسم الناشر، الموزع...إلخ مؤسسة البلسم،
تاريخ النشر، التوزيع...إلخ 1992.
300 ## - الوصف المادي
عدد الوحدات المكونة للوعاء 144 صفحه.
650 17 - مدخل إضافي بالموضوع - مصطلح موضوعي
مصطلح موضوعي أو اسم جغرافي كعنصر مدخل الأحزاب السياسية.
650 17 - مدخل إضافي بالموضوع - مصطلح موضوعي
مصطلح موضوعي أو اسم جغرافي كعنصر مدخل إسرائيل.
942 ## - بيانات إضافية (كوها)
نوع التنصيف Dewey Decimal Classification
نوع المادة (كوها) كتب
المقتنيات
حالة السحب حالة الفقدان مصدر التصنيف حالة التلف غير قابل للإعارة المكتبة الرئيسية المكتبة الحالية موقع الرف تاريخ التزويد الرقم المتسلسل Total Checkouts رقم الإستدعاء الباركود تاريخ آخر ظهور تاريخ الفاتورة نوع المادة (كوها)
    Dewey Decimal Classification     المكتبة المركزية المكتبة المركزية الإعارة 06/07/2004 306481   324.256404 / ز غ و 306481 28/07/2025 06/07/2004 كتب
    Dewey Decimal Classification     مكتبة صويلح العامة مكتبة صويلح العامة الإعارة 17/03/2016 306495   324.256404/زغو PLD00380718 28/07/2025 17/03/2016 كتب
Implemented & Customized by: BBB with SCIT (Smart Chains for Information Technology)

Powered by Koha